[Event "Hamburg-chB"]
[Site "Hamburg"]
[Date "2014.06.07"]
[Round "1"]
[White "Krueger, Dietrich"]
[Black "Tobianski, Frank"]
[Result "0-1"]
[WhiteElo "916"]
[BlackElo "1280"]
[PlyCount "90"]
[EventDate "2014.06.07"]
[EventType "swiss"]
[EventRounds "7"]
[EventCountry "GER"]
[SourceTitle "CBM 161 Extra"]
[Source "ChessBase"]
[SourceDate "2014.08.29"]
[SourceVersion "1"]
[SourceVersionDate "2014.08.29"]
[SourceQuality "1"]

1. d4 Nf6 2. Bf4 d5 3. e3 e6 4. Nf3 c5 5. c3 Nc6 6. Bb5 Bd7 7. a4 Be7 8. Nbd2 0-0 9. h3 a6 10. Bd3 c4 11. Bc2 b5 12. Qb1 Na5 13. Ng5 g6 14. h4 Nh5 15. g4 Nxf4 16. exf4 f5 17. h5 Bxg5 18. hxg6 Bxf4 19. Rxh7 Qg5 20. Rxd7 Bxd2+ 21. Kf1 Qxg6 22. Rd6 Qxg4 23. Rxe6 Rae8 24. Re5 Rxe5 25. dxe5 Kg7 26. Qd1 Qxd1+ 27. Bxd1 Rb8 28. Bf3 Bf4 29. e6 Bg5 30. Bxd5 Rd8 31. axb5 axb5 32. Rxa5 Rxd5 33. Ra7+ Kf8 34. Kg2 Re5 35. Ra6 Ke7 36. Kg3 Rxe6 37. Rxe6+ Kxe6 38. f4 Be7 39. Kf3 Kd5 40. Ke3 Bc5+ 41. Kf3 Kc6 42. Ke2 Kb6 43. Kf3 Ka6 44. Ke2 Bb6 45. Kf3 Ka5 0-1